000
00264nam a22001217a 4500
040
_c
SY
082
_a
632
100
_a
LINA L. IIag
245
_a
Learning the principles of plant pathology
260
_a
UPLB
_b
LINA L. IIag
_c
2002
300
_a
267P.
942
_c
EK
999
_c
8808
_d
8808